| 000 -LEADER | |
|---|---|
| fixed length control field | 00389nam a22001577a 4500 |
| 005 - DATE AND TIME OF LATEST TRANSACTION | |
| control field | 20250827111019.0 |
| 008 - FIXED-LENGTH DATA ELEMENTS--GENERAL INFORMATION | |
| fixed length control field | 180628b xxu||||| |||| 00| 0 eng d |
| 041 ## - LANGUAGE CODE | |
| Language code of text/sound track or separate title | eng |
| 100 ## - MAIN ENTRY--AUTHOR NAME | |
| Personal name | SAMUELSON, PAUL AND NORDHAUS, WILLIAM D |
| 245 ## - TITLE STATEMENT | |
| Title | ECONOMICS |
| 250 ## - EDITION STATEMENT | |
| Edition statement | 19TH.ED |
| 260 ## - PUBLICATION, DISTRIBUTION, ETC. (IMPRINT) | |
| Place of publication | NEW DELHI |
| Name of publisher | T.M.H.PVT.LTD |
| Year of publication | 2010 |
| 300 ## - PHYSICAL DESCRIPTION | |
| Number of Pages | 916p, |
| 650 ## - SUBJECT ADDED ENTRY--TOPICAL TERM | |
| Topical Term | ECONOMICS |
| 942 ## - ADDED ENTRY ELEMENTS (KOHA) | |
| Koha item type | Books |
| Lost status | Damaged status | Collection code | Home library | Current library | Shelving location | Date acquired | Source of acquisition | Cost, normal purchase price | Full call number | Accession Number | Koha item type | Serial Enumeration / chronology |
|---|---|---|---|---|---|---|---|---|---|---|---|---|
| MANAGEMENT | JRU Library | JRU Library | SHELF-58-B | 28/06/2018 | PURCHASE | 795.00 | 330 | 22369 | Books | |||
| MANAGEMENT | JRU Library | JRU Library | SHELF-58-B | 28/06/2018 | PURCHASE | 795.00 | 330 | 22370 | Books | |||
| MANAGEMENT | JRU Library | JRU Library | SHELF-58-B | 28/06/2018 | PURCHASE | 795.00 | 330 | 22371 | Books | 19 TH ED. | ||
| MANAGEMENT | JRU Library | JRU Library | SHELF-58-B | 28/06/2018 | PURCHASE | 795.00 | 330 | 22372 | Books |